Регионална библиотека "Любен Каравелов" - Русе

Вместо молитва (Запис номер 324183)

MARC детайли
000 -Лидер
Контролно поле с фиксирана дължина aam a22 a 4500
003 - Код на организацията, давaща контролен номер
Контролно поле BLK
005 - Дата и час на последна редакция
Контролно поле 20201007040455.0
008 - Елементи от данни с фиксирана дължина
fixed length control field 181011b bu ||||| |||| 00| 0 bu d
020 ## - Международен стандартен номер на книга ISBN
Международен стандартен номер на книга ISBN 978-954-8483-09-4
040 ## - Източник на каталожния запис
Идентификатор на билиотеката - собственик на записа BLK
041 ## - Код за език
Код за езика на текст/звукозапис или на отделно заглавие Български
Код за езика КДБФ Български
080 ## - УДК
Текстов определител УДК Българска литература
УДК код - определител по УДК 821.163.2
УДК определител -1
УДК - код + определител 821.163.2-1
100 ## - Редна дума - Автор
Автор Коларова-Шиндлер, Румена
Авторска отговорност първи автор
R(LIN) 1299
139 ## - Редно поле
Редна дума Коларова-Шиндлер, Румена
245 ## - Сведения за заглавието
Заглавие Вместо молитва
Редно поле (дума) Румена Шиндлер-Коларова ; ред. Нели Пигулева
260 ## - Област на издателските данни
Име на издателя, разпространителя и проч. Парнас
Година на издаване б.г.
Място на издаване, разпространение и проч. Русе
300 ## - Физическа характеристика
Страници 48 с.
Размери/Мащаб 20 см
380 ## - Жанр
Жанр Худож. лит.
700 ## - Други автори (авторска отговорност)
9 (RLIN) 1311
Лично име Пигулева, Нели Димитрова
Автороска отговорност (Описва отношението между автора и произведението) ред.
852 ## - Местоположение
Форматна сигнатура Цб 289687
Фондова буква Хранилище
999 ## - СИСТЕМНИ КОНТРОЛНИ НОМЕРА
Koha biblionumber 324183
Koha biblioitemnumber 324183
942 ## - АРТИКУЛИ
Вид на библиотечния материал Книги
Източник на класификационната схема Universal Decimal Classification
Скрит в OPAC Не
Наличности
Код за отписване Код за изгубен артикул Източник на класификационната схема Код за повреда Коз за рестрикции Код за отдаване Артикулен № Име на библиотеката - собственик Име на библиотеката, в която се намира в момента Статус (Текущо местоположение) Дата на вписване в системата Местоположение - отдел Цена в лева Инвентарен номер Систематично азбучна сигнатура Баркод Номер на екземпляра Цена в евро Служебен тип на артикула
  Не е изгубен Universal Decimal Classification Не е повреден без рестрикции ползва се в читалня 680060 Регионална библиотека "Любен Каравелов" Русе Регионална библиотека "Любен Каравелов" Русе Основен фонд - ползва се само за читалня 2018-08-31 Хранилище 1.17 120000822927 Цб 289687 120000822927 1 0.60 Книги
Vip Innovations Ltd, Rousse, Bulgaria 2025